Miasto Niemiec Wschodnich czy Zachodnich? - Statystyki

Ogólne statystyki
  • Ten quiz został rozwiązany 26 razy
  • Średni wynik to 12 z 15
Statystyki odpowiedzi
Hint Odpowiedź % Poprawnych
Magdeburg Wschodnie
91%
Schwerin Wschodnie
91%
Stuttgart Zachodnie
91%
Hagen Zachodnie
91%
Chociebuż Wschodnie
87%
Akwizgran Zachodnie
87%
Leverkusen Zachodnie
87%
Ludwigshafen Zachodnie
83%
Augsburg Zachodnie
83%
Erfurt Wschodnie
74%
Jena Wschodnie
74%
Halle Wschodnie
74%
Krefeld Zachodnie
61%
Lubeka Zachodnie
57%
Gera Wschodnie
52%
Nie znaleziono quizów pasujących do podanych kryteriów
Rozkład punktacji
Procent ludzi z każdym wynikiem
Percentyl według liczby udzielonych odpowiedzi
Twoja historia wyników
Nie rozwiązałeś tego quizu